Metro Warszawskie 2022 (Planowane M1, M2 i M3) - Statystyki

Ogólne statystyki
  • Ten quiz został rozwiązany 317 razy
  • Średni wynik to 34 z 51
Statystyki odpowiedzi
Stacje % Poprawnych
Kabaty
92%
Młociny
91%
Świętokrzyska
89%
Świętokrzyska
89%
Centrum
88%
Stadion Narodowy
84%
Stadion Narodowy
84%
Centrum Nauki Kopernik
80%
Bemowo
79%
Bródno
79%
Dworzec Gdański
79%
Rondo ONZ
79%
Politechnika
78%
Ratusz Arsenał
78%
Rondo Daszyńskiego
78%
Plac Wilsona
76%
Pole Mokotowskie
76%
Wawrzyszew
76%
Księcia Janusza
75%
Natolin
74%
Stare Bielany
74%
Marymont
73%
Nowy Świat-Uniwersytet
73%
Imielin
72%
Dworzec Wileński
71%
Targówek Mieszkaniowy
71%
Ursynów
70%
Słodowiec
69%
Płocka
68%
Trocka
68%
Szwedzka
67%
Wilanowska
67%
Służew
66%
Racławicka
65%
Stokłosy
64%
Kondratowicza
62%
Wierzbno
61%
Ulrychów
60%
Zacisze
60%
Gocław
59%
Młynów
57%
Karolin
53%
Plac Konstytucji
51%
Muranów
48%
Dworzec Wschodni
46%
Lazurowa
45%
Chrzanów
39%
Rondo Wiatraczna
39%
Mińska
31%
Ostrobramska
30%
Jana Nowaka Jeziorańskiego
22%
Nie znaleziono quizów pasujących do podanych kryteriów
Rozkład punktacji
Procent ludzi z każdym wynikiem
Percentyl według liczby udzielonych odpowiedzi
Twoja historia wyników
Nie rozwiązałeś tego quizu